000 00521nam a2200193Ia 4500
005 20250326141619.0
008 250326s9999 xx 000 0 und d
037 _aTextbook
040 _aFMSL
_beng
_cFMSL
041 _aeng
_2eng
084 _qFMSL
100 _aSzilagyi A D
_9744769
245 0 _aOrganizational Behaviour and performance
_cSzilagyi A D; Wallace M J
250 _a5th
260 _aLondon
_bLondon, Scott. Foresman & co.
_c1990
300 _a956p
942 _cTB
999 _c1291152
_d1291152